| 000 | 00362nam a2200157Ia 4500 | ||
|---|---|---|---|
| 008 | 221030s9999 xx 000 0 und d | ||
| 020 | _a9332550247 | ||
| 041 | _aEnglish | ||
| 100 | _aG. Gordon | ||
| 245 | 0 |
_aSystem Simulation _cby G. Gordon |
|
| 250 | _a2nd | ||
| 260 |
_bPearson Education _aNew Delhi _c2015 |
||
| 300 | _a324 | ||
| 650 | _aIT | ||
| 942 | _cBK | ||
| 999 |
_c17294 _d17294 |
||